Sitios/lugares de Zaragoza - Estadísticas

Estadísticas generales
  • Esta prueba ha sido intentada 302 veces
  • La puntuación promedio es 11 de 14
Estadísticas de respuestas
Pregunta Respuesta % Correcto
Monumento más visitado de Zaragoza La basílica del Pilar
100%
Barrio más poblado de Zaragoza Delicias
93%
Estación de tren que recibe a más de 4 millones de viajeros al año Estación Delicias
93%
Centro comercial más grande de España Puerto Venecia
93%
Estadio del Real Zaragoza La Romareda
89%
Principal zona de tapeo en Zaragoza El Tubo
87%
Cuál era la temática de la EXPO 2008 de Zaragoza El agua
82%
Barrio en el que se encuentra la parada de tranvía llamada "Mago de Hoz" Valdespartera
81%
Centro comercial ubicado en el centro de la ciudad con nombre de animal El Caracol
80%
Calle que va desde la calle del Coso hasta la Plaza del Pilar Calle Alfonso
78%
Río afluente del Ebro que pasa cerca de la estación Goya Río Huerva
66%
Palacio árabe del siglo XI La Aljafería
64%
Calle más larga de Zaragoza Avenida Madrid
28%
Construida en el año 1789 por el arquitecto Agustín Sanz e inaugurada en el año 1792 La Puerta del Carmen
21%
No se encontraron pruebas coincidentes
Distribución de puntuación
Porcentaje de gente con cada puntuación
Porcentaje por número respondido
Historial de tus puntuaciones
No has intentado esta prueba.